AVVENTURIERI DELLO SPIRITO (GLI) (Record n. 105534)
[ formato base ]
| 000 -LEADER | |
|---|---|
| fixed length control field | 01772agaaa2200301 4500 |
| 001 - CONTROL NUMBER | |
| control field | 8268 |
| 003 - CONTROL NUMBER IDENTIFIER | |
| control field | IT-RoPAU |
| 005 - DATE AND TIME OF LATEST TRANSACTION | |
| control field | 20220918181234.0 |
| 007 - PHYSICAL DESCRIPTION FIXED FIELD--GENERAL INFORMATION | |
| fixed length control field | d cvaizq |
| 008 - FIXED-LENGTH DATA ELEMENTS--GENERAL INFORMATION | |
| fixed length control field | 50131s9999||||xx ||| | || ||und|| |
| 040 ## - CATALOGING SOURCE | |
| Original cataloging agency | IT-RoPAU |
| Transcribing agency | IT-RoPAU |
| 041 ## - LANGUAGE CODE | |
| Language code of text/sound track or separate title | ITALIANO |
| 100 ## - MAIN ENTRY--PERSONAL NAME | |
| Personal name | Uribe Fernando |
| Miscellaneous information | Codice regista SPICS: 59295 |
| 9 (RLIN) | 41962 |
| 130 ## - MAIN ENTRY--UNIFORM TITLE | |
| Uniform title | AVVENTURIERI DELLO SPIRITO (GLI) |
| 9 (RLIN) | 41963 |
| 245 ## - TITLE STATEMENT | |
| Title | AVVENTURIERI DELLO SPIRITO (GLI) |
| Statement of responsibility, etc. | Diretto da: Uribe Fernando |
| Name of part/section of a work | AVVENTURIERI DELLO SPIRITO (GLI) (Rif. Codice opera principale : H8268) |
| 250 ## - EDITION STATEMENT | |
| Edition statement | Edizione Standard |
| 260 ## - PUBLICATION, DISTRIBUTION, ETC. (IMPRINT) | |
| Place of publication, distribution, etc. | (MESSICO) |
| Name of publisher, distributor, etc. | C.C.C., MESSICO / Distribuzione: MULTIMEDIA SAN PAOLO |
| Date of manufacture | "1990 (1° ed.: 2008 ; Ed. Lingua Orig.: 1990)" |
| 300 ## - PHYSICAL DESCRIPTION | |
| Extent | DVD |
| Other physical details | sonoro, col. |
| Dimensions | 180 minuti |
| 508 ## - CREATION/PRODUCTION CREDITS NOTE | |
| Creation/production credits note | "Musica: Harpaz Udi; " |
| 520 ## - SUMMARY, ETC. | |
| Summary, etc. | SAN FRANCESCO D'ASSISI. BERNADETTE. SAN PATRIZIO, LE AVVENTURE DEL PATRONO D'IRLANDA. SAN FRANCESCO SAVERIO, ORIENTE MISTERIOSO. IL GIORNO IN CUI ILSOLE DANZO', LA STORIA DI FATIMA. L'ANGELO CUSTODE. UNA SERIE DI CARTONI ANIMATI CHE SI DISTINGUE PER LA QUALITA' DEI CONTENUTI. LE AVVENTURE SPIRITUALI DEI PROTAGONISTI DELLA SERIE, PRESENTATE ATTRAVERSO SITUAZIONI ALLA PORTATA DEL BAMBINO, IN UN'ETA' IN CUI HA BISOGNO DI MODELLI POSITIVI A CUI RAPPORTARSI, POSSONO DIVENTARE PER LUI ALTRETTANTE AVVENTURE DELLA FANTASIA EUN AIUTO PER CRESCERE IN MODO SANO. OGNI EPISODIO DURA 30 MINUTI. |
| 538 ## - SYSTEM DETAILS NOTE | |
| System details note | PAL, STEREO |
| 546 ## - LANGUAGE NOTE | |
| Language note | ITALIANO |
| 650 ## - SUBJECT ADDED ENTRY--TOPICAL TERM | |
| Topical term or geographic name as entry element | ANIMAZIONE |
| Relator term | DVD-FILM [DVD] |
| General subdivision | Codice MATERIA SPICS: 9947 |
| 9 (RLIN) | 41964 |
| 700 ## - ADDED ENTRY--PERSONAL NAME | |
| Personal name | Hahn Steven |
| Relator term | (regista) |
| Miscellaneous information | Codice secondo regista SPICS: 59296 |
| 9 (RLIN) | 41965 |
| 700 ## - ADDED ENTRY--PERSONAL NAME | |
| Personal name | Harpaz Udi |
| Relator term | (musica) |
| Miscellaneous information | Codice Musica SPICS: 59297 |
| 9 (RLIN) | 41966 |
| 700 ## - ADDED ENTRY--PERSONAL NAME | |
| Personal name | Uribe Fernando |
| Relator term | (regista) |
| Miscellaneous information | Codice regista SPICS: 59295 |
| 9 (RLIN) | 41967 |
| 942 ## - ADDED ENTRY ELEMENTS (KOHA) | |
| Koha item type | DVD |
| Source of classification or shelving scheme | Dewey Decimal Classification |
| Withdrawn status | Lost status | Damaged status | Not for loan | Home library | Current library | Date acquired | Total Checkouts | Full call number | Date last seen | Price effective from | Koha item type | Public note |
|---|---|---|---|---|---|---|---|---|---|---|---|---|
| Buone Condizioni | Not For Loan | SPICS-MEDIATECA | SPICS-MEDIATECA | 31/01/2015 | H8268 | 31/01/2015 | 31/01/2015 | DVD | Progr. Ins.: 3719 / N.Vol.:1 / Copie: 1 / Pag.:0 / Copia rara: n.d. / date import: 1.2.2015 / By Epidotti, Trombetti, Vaglietti |